000 00668nam a22001937a 4500
999 _c166488
_d166488
005 20190725122049.0
010 _aUR-10284
020 _c250.00
_a9789388356459
035 _aU-8839
037 _bDBAD/PUB
082 _a840
100 _aشا ز يہ فخر
245 _aپسچھم بر د و ا ن کا ا د ب
_cشا ز يہ فخر
246 _bPachim Burdwan Ka Nesaayee Adab (Urdu)
_aby Shazia Fakhar
260 _a Delhi
_bEducational Publishing House
_c2018 ء
270 _a3191،Vakil Street,Kucha Pandit,Lal Kuan,
_bDelhi
_e110006
_k23216162
_l00911123211540
300 _a192 ص
_c22 Cm(Hb)
942 _2ddc
_cUR
_h840
_mش ا ذ